| 000 | 00000nam##2200000za#4500 |
| 001 | 9.530391 |
| 003 | CaOODSP |
| 005 | 20200331230208 |
| 007 | ta |
| 008 | 150406|1998||||xxc||||| f|0| 0 fre|d |
| 020 | |a0-660-60502-3 |
| 040 | |aCaOODSP|bfre |
| 041 | |aeng |
| 041 | |afre |
| 043 | |an-cn--- |
| 086 | 1 |aBT31-2/1999-III-82 |
| 110 | 1 |aCanada. |bConseil du trésor. |
| 245 | 10|aDiversification de l'Économie de l'Ouest Canada |
| 260 | |aOttawa - Ontario : |bSecrétariat du Conseil du Trésor du Canada |c1998. |
| 300 | |aTexte français, 25p. : |borganigramme, tableaux ; |c28 cm. |
| 490 | 1 |aBudget des dépenses 1998-1999, partie III: Rapport sur les plans et les priorités |
| 546 | |aBilingue |
| 563 | |aCouverture souple |
| 590 | |a98-14|b1998-04-03 |
| 776 | 0#|tWestern Economic Diversification Canada, report on plans and priorities (1998-1999) |w(CaOODSP)9.567674 |
| 776 | 0#|tDiversification de l'économie de l'Ouest Canada, rapport sur les plans et les priorités (1998-1999) |w(CaOODSP)9.599004 |
| 791 | |tWestern Economic Diversification Canada |eeng|w(CaOODSP)9.530390 |
| 830 | #0|aBudget des dépenses 1998-1999, partie III: Rapport sur les plans et les priorités.|w(CaOODSP)9.508961 |